15 principales países afectados por Covid19 - 27 de junio - Estadísticas

Estadísticas generales
  • Esta prueba ha sido intentada 4 veces
  • La puntuación promedio es 17 de 26
Estadísticas de respuestas
país % Correcto
España
100%
Estados Unidos
100%
Italia
100%
México
100%
Rusia
100%
Alemania
75%
Bélgica
75%
Brasil
75%
Chile
75%
Chile
75%
India
75%
Pakistán
75%
Perú
75%
Reino Unido
75%
Suecia
75%
Arabia Saudita
50%
Baréin
50%
Catar
50%
Irán
50%
Kuwait
50%
Panamá
50%
Singapur
50%
Turquía
50%
Armenia
25%
Bielorrusia
25%
Omán
25%
No se encontraron pruebas coincidentes
Distribución de puntuación
Porcentaje de gente con cada puntuación
Porcentaje por número respondido
Historial de tus puntuaciones
No has intentado esta prueba.